Rząd RP po rekonstrukcji - Statystyki

Ogólne statystyki
  • Ten quiz został rozwiązany 46 razy
  • Średni wynik to 14 z 23
Statystyki odpowiedzi
Funkcja Osoba Partia % Poprawnych
Premier Donald Tusk PO
100%
Minister Obrony Narodowej; Wicepremier Władysław Kosiniak-Kamysz PSL
96%
Minister Spraw Zagranicznych; Wicepremier Radosław Sikorski PO
89%
Minister Edukacji Narodowej Barbara Nowacka IP
86%
Rzecznik prasowy rządu Adam Szłapka N
82%
Minister Cyfryzacji; Wicepremier Krzysztof Gawkowski NL
82%
Minister Sprawiedliwości Waldemar Żurek -
82%
Minister Finansów i Gospodarki Andrzej Domański PO
79%
Minister Funduszy i Polityki Regionalnej Katarzyna Pełczyńska-Nałęcz PL2050
68%
Minister Spraw Wewnętrznych i Administracji Marcin Kierwiński PO
64%
Minister Rodziny, Pracy i Polityki Społecznej Agnieszka Dziemanowicz-Bąk NL
57%
Minister Klimatu i Środowiska Paulina Henning-Kloska PL2050
57%
Minister, członek Rady Ministrów, Koordynator Służb Specjalnych Tomasz Siemoniak PO
57%
Minister - Członek Rady Ministrów, Szef Kancelarii Prezesa Rady Ministrów Jan Grabiec PO
54%
Minister Infrastruktury Dariusz Klimczak PSL
46%
Minister Zdrowia Jolanta Sobierańska-Grenda -
46%
Minister Energii Miłosz Motyka PSL
46%
Minister Kultury i Dziedzictwa Narodowego Marta Cienkowska PL2050
36%
Minister nadzoru nad wprowadzaniem polityki rządu Maciej Berek -
32%
Minister Rolnictwa i Rozwoju Wsi Stefan Krajewski PSL
32%
Minister Sportu i Turystyki Jakub Rutnicki PO
29%
Minister Nauki i Szkolnictwa Wyższego Marcin Kulasek NL
29%
Minister Aktywów Państwowych Wojciech Balczun - (PO)
29%
Nie znaleziono quizów pasujących do podanych kryteriów
Rozkład punktacji
Procent ludzi z każdym wynikiem
Percentyl według liczby udzielonych odpowiedzi
Twoja historia wyników
Nie rozwiązałeś tego quizu